000
00318nam a22001337a 4500
008
181025b xxu||||| |||| 00| 0 eng d
020
_a
9781516502981
041
_a
eng
080
_a
940
100
_a
16
101
_a
SHH
245
_a
In Liberating Strife An American History Reader
_c
Deakin,V.J
942
_2
udc
_c
BK
999
_c
50896
_d
50896